Vie privee et publique du ci derriere
Gardado en:
| Autor Principal: | |
|---|---|
| Formato: | Libro |
| Idioma: | inglés |
| Tags: |
Sen Etiquetas, Sexa o primeiro en etiquetar este rexistro!
|
MARC
| LEADER | 00000nam a2200000 4500 | ||
|---|---|---|---|
| 005 | 20240731183052.0 | ||
| 008 | 240731b |||||||| |||| 00| 0 eng d | ||
| 040 | |c GP | ||
| 100 | |a Marquis de Villette | ||
| 245 | |a Vie privee et publique du ci derriere | ||
| 942 | |2 ddc |c BK |n 0 | ||
| 952 | |0 0 |1 0 |2 ddc |4 0 |6 843_000000000000000_VIL |7 1 |9 1734 |a RM |b RM |d 2024-07-31 |l 0 |o 843 VIL |p 518 |r 2024-07-31 18:31:10 |w 2024-07-31 |y BK | ||
| 999 | |c 1550 |d 1550 | ||